Učitavanje...

Principles of mathematics /

Bibliografski detalji
Glavni autor: Bertrand Russell
Format: Printed Book
Izdano: London : Routledge, 2010.
Izdanje:2nd ed.
Serija:Routledge classics
Teme:
LEADER 00697nam a2200217 a 4500
020 |a 9780415487412 (pbk.) 
020 |a 0415487412 (pbk.) 
020 |a 9780203864760 (ebk.) 
020 |a 020386476X (ebk.) 
082 0 4 |a 510.1  |b BER/P 
100 1 |a Bertrand Russell 
245 1 0 |a Principles of mathematics /  |c Bertrand Russell 
250 |a 2nd ed. 
260 |a London :  |b Routledge,  |c 2010. 
300 |a xlvii, 552 p. ; 
490 1 |a Routledge classics 
500 |a Originally published: 1992. 
650 0 |a Mathematics 
942 |c BK 
999 |c 57801  |d 57801 
952 |0 0  |1 0  |4 0  |6 510_100000000000000_BER_P  |7 0  |9 80975  |a SSUS  |b SSUS  |c STACKS  |d 2015-12-11  |g 595.00  |o 510.1 BER/P  |p 079987  |r 2015-12-11  |w 2015-12-11  |y BK